01319nam a2200325 a 4500001001200000003000800012006001900020007001500039008004100054020001800095020002700113020002700140040002100167035002100188050002300209082002600232100001900258245011000277260005000387300005900437500002000496533015200516588009600668630001300764650002700777655002900804710001700833856012600850999001700976ebr10719156CaPaEBRm o u cr cn|||||||||150303s2013 njua s 001 0 eng d z9781118575048 z9781118757468 (e-book) z9781118755822 (e-book) aCaPaEBRcCaPaEBR a(OCoLC)85915701014aT385b.O487 2013eb04a620.00425028553692231 aOmura, George.10aMastering AutoCAD 2014 and AutoCAD LT 2014h[electronic resource] /cGeorge Omura ; with Brian C. Benton. aHoboken, N.J. :bAutodesk ; :bSybex,cc2013. a1 online resource (xxxvi, 1212 p.) :bill. (some col.) aIncludes index. aElectronic reproduction.bPalo Alto, Calif. :cebrary,d2015.nAvailable via World Wide Web.nAccess may be limited to ebrary affiliated libraries. aDescription based on online resource; title from title page (ebrary, viewed June 28, 2013).00aAutoCAD. 0aComputer-aided design. 7aElectronic books.2local2 aebrary, Inc.40uhttp://site.ebrary.com/lib/rucke/Doc?id=10719156zAn electronic book accessible through the World Wide Web; click to view c41458d41458